000 00395cam a22001097a 4500
008 180718b1975 xxu||||| |||| 00| 0 eng d
082 _aZ/ F39ag
245 _aAgricultural policies : at different levels of development
_cby Food and Agriculture Organization, Italy
260 _aRome
_bFood and Agriculture Organization
_c1975
300 _a212+p.
700 _aItlay.Food and Agriculture Organization
999 _c499304
_d499304